Paesi per prime e ultime due lettere - Statistics

Statistiche generali
  • Questo quiz è stato fatto 70.647 volte
  • Il punteggio medio è 174 su 392
Risposte nella Mappa
Le risposte nella mappa del quiz sottostante sono codificate secondo una scala di colori dal rosso al verde in base alla % di persone che hanno risposto correttamente.
 
Statistiche sulle risposte
nazione % Corretto
Cechia
94%
Birmania
88%
Cabo Verde
88%
Cambogia
88%
Camerun
88%
Canada
88%
Costa Rica
88%
Danimarca
88%
Dominica
88%
Giamaica
88%
Sudafrica
88%
Italia
81%
Kuwait
81%
Città del Vaticano
80%
Nauru
79%
Perù
79%
Ruanda
79%
Russia
79%
Ciad
78%
Cile
78%
Cina
78%
Cipro
78%
Micronesia
76%
Timor-Leste
73%
Colombia
71%
Comoros
71%
Congo
71%
Corea del Nord
71%
Corea del Sud
71%
Costa Rica
71%
Côte d'Ivoire
71%
Marocco
71%
Messico
71%
Monaco
71%
Mozambico
71%
Stati Uniti
70%
Arabia Saudita
68%
Argentina
68%
Armenia
68%
Madagascar
68%
Qatar
68%
Albania
67%
Algeria
67%
Antigua e Barbuda
67%
Armenia
67%
Australia
67%
Austria
67%
Bielorussia
67%
Bolivia
67%
Bulgaria
67%
Cambogia
67%
Canada
67%
Colombia
67%
Croazia
67%
Danimarca
67%
Estonia
67%
Etiopia
67%
Finlandia
67%
Francia
67%
Gambia
67%
Georgia
67%
Germania
67%
Giordania
67%
Grecia
67%
Grenada
67%
India
67%
Indonesia
67%
Irlanda
67%
Islanda
67%
Italia
67%
Lettonia
67%
Liberia
67%
Libia
67%
Lituania
67%
Malesia
67%
Mauritania
67%
Micronesia
67%
Moldavia
67%
Mongolia
67%
Namibia
67%
Nigeria
67%
Norvegia
67%
Nuova Zelanda
67%
Polonia
67%
Romania
67%
Ruanda
67%
Russia
67%
Santa Lucia
67%
Serbia
67%
Siria
67%
Slovacchia
67%
Slovenia
67%
Somalia
67%
Svezia
67%
Tanzania
67%
Thailandia
67%
Tunisia
67%
Turchia
67%
Uganda
67%
Ungheria
67%
Zambia
67%
Argentina
66%
Bosnia ed Erzegovina
66%
Botswana
66%
Brasile
66%
Brunei
66%
Cina
66%
Ghana
66%
Guyana
66%
Namibia
66%
Nauru
66%
Repubblica Centrafricana
66%
Repubblica Dominicana
66%
Spagna
66%
Ucraina
66%
Messico
65%
Suriname
65%
Macedonia del Nord
64%
Madagascar
64%
Malawi
64%
Maldive
64%
Malesia
64%
Mali
64%
Malta
64%
Marocco
64%
Mauritania
64%
Mauritius
64%
Panama
64%
Francia
62%
Australia
60%
Austria
60%
Guinea-Bissau
60%
Palau
60%
Bahrain
59%
Benin
59%
India
59%
Indonesia
59%
Liechtenstein
59%
Brasile
58%
Cile
58%
Guinea Equatoriale
58%
Israele
58%
Lesotho
58%
Lettonia
58%
Polonia
58%
Portogallo
58%
Cechia
56%
Spagna
56%
Côte d'Ivoire
54%
Paesi Bassi
53%
Pakistan
53%
Palau
53%
Panama
53%
Papua Nuova Guinea
53%
Paraguay
53%
Albania
52%
Algeria
52%
Città del Vaticano
52%
Libano
52%
Liberia
52%
Libia
52%
Liechtenstein
52%
Lituania
52%
Mali
52%
Nepal
52%
Norvegia
52%
San Marino
52%
Senegal
52%
Regno Unito
51%
Repubblica Centrafricana
51%
Repubblica Democratica del Congo
51%
Repubblica Dominicana
51%
Singapore
51%
Moldavia
50%
Monaco
50%
Mongolia
50%
Montenegro
50%
Mozambico
50%
Emirati Arabi Uniti
49%
Gibuti
49%
Haiti
49%
Kiribati
49%
Stati Uniti
49%
Svezia
49%
Svizzera
49%
Timor-Leste
49%
Afghanistan
48%
Andorra
48%
Angola
48%
Antigua e Barbuda
48%
Azerbaijan
48%
Bhutan
48%
Figi
48%
Filippine
48%
Finlandia
48%
Iran
48%
Kazakistan
48%
Kirghizistan
48%
Oman
48%
Pakistan
48%
Sudan
48%
Sud Sudan
48%
Tagikistan
48%
Taiwan
48%
Turkmenistan
48%
Uzbekistan
48%
Georgia
47%
Germania
47%
Sudafrica
47%
Sudan
47%
Sud Sudan
47%
Suriname
47%
Iran
46%
Iraq
46%
Irlanda
46%
Tunisia
43%
Turchia
43%
Turkmenistan
43%
Tuvalu
43%
Vanuatu
43%
Islanda
41%
Isole Marshall
41%
Isole Salomone
41%
Israele
41%
Saint Kitts e Nevis
41%
Egitto
39%
Figi
39%
Giamaica
39%
Giappone
39%
Gibuti
39%
Giordania
39%
Regno Unito
39%
Togo
39%
Tonga
39%
Arabia Saudita
38%
Malta
38%
Tagikistan
38%
Taiwan
38%
Tanzania
38%
Bolivia
37%
Bosnia ed Erzegovina
37%
Botswana
37%
Kazakistan
37%
Perù
37%
Sao Tome e Principe
37%
Sri Lanka
37%
Angola
35%
Guatemala
35%
Laos
35%
Venezuela
35%
Mauritius
34%
Eswatini
33%
Nicaragua
32%
Niger
32%
Nigeria
32%
Portogallo
32%
Egitto
31%
Filippine
31%
Giappone
31%
Isole Salomone
31%
Nepal
31%
Saint Kitts e Nevis
31%
Saint Vincent e Grenadine
31%
Samoa
31%
San Marino
31%
Santa Lucia
31%
Sao Tome e Principe
31%
Sierra Leone
31%
Belgio
30%
Belize
30%
Benin
30%
Bahamas
28%
Bahrain
28%
Bangladesh
28%
Barbados
28%
Cuba
28%
Birmania
27%
Bielorussia
25%
Maldive
25%
Nuova Zelanda
25%
Paesi Bassi
25%
Sierra Leone
25%
Singapore
25%
Siria
25%
Ucraina
25%
Venezuela
25%
Burkina Faso
24%
Cipro
24%
Cuba
24%
Montenegro
24%
Romania
24%
Somalia
24%
Guatemala
22%
Guinea
22%
Guinea-Bissau
22%
Guinea Equatoriale
22%
Guyana
22%
Kirghizistan
22%
Kiribati
22%
Andorra
21%
Grecia
21%
Grenada
21%
Senegal
21%
Serbia
21%
Seychelles
21%
Svizzera
21%
Vietnam
21%
Afghanistan
20%
Bulgaria
20%
Burkina Faso
20%
Burundi
20%
Congo
20%
Lussemburgo
20%
Repubblica Democratica del Congo
20%
Togo
20%
Trinidad e Tobago
20%
Uruguay
20%
Eritrea
18%
Niger
18%
Estonia
17%
Eswatini
17%
Etiopia
17%
Seychelles
17%
Gabon
16%
Gambia
16%
Tonga
16%
Bahamas
15%
Camerun
15%
Ecuador
15%
Honduras
15%
Ungheria
15%
Uzbekistan
15%
Vietnam
15%
Lussemburgo
14%
Paraguay
14%
Tuvalu
14%
Uruguay
14%
Yemen
14%
Eritrea
13%
Guinea
13%
Oman
13%
Papua Nuova Guinea
13%
Ciad
12%
Honduras
12%
Lesotho
12%
Slovacchia
12%
Slovenia
12%
Dominica
11%
Haiti
11%
Kenya
11%
Nicaragua
11%
Vanuatu
11%
Zambia
11%
Belgio
10%
Cabo Verde
10%
Thailandia
10%
Burundi
9%
Croazia
9%
Ecuador
9%
El Salvador
9%
Iraq
9%
Kosovo
9%
Yemen
9%
Zimbabwe
9%
Azerbaijan
8%
El Salvador
8%
Ghana
8%
Qatar
8%
Sri Lanka
8%
Barbados
7%
Comoros
7%
Corea del Nord
7%
Corea del Sud
7%
Emirati Arabi Uniti
7%
Kuwait
7%
Laos
7%
Macedonia del Nord
7%
Belize
6%
Bhutan
6%
Kosovo
6%
Uganda
6%
Trinidad e Tobago
5%
Kenya
4%
Samoa
4%
Zimbabwe
4%
Bangladesh
3%
Brunei
3%
Gabon
3%
Isole Marshall
3%
Malawi
3%
Nessun quiz corrispondente trovato
Distribuzione punteggi
Percentuale di utenti per punteggio
Percentile per numero di risposta
I tuoi punteggi nel tempo
Non hai fatto questo quiz